[Event "Barcelona Vila de Gracia op 23rd"]
[Site "Barcelona"]
[Date "2019.12.20"]
[Round "9"]
[White "Bieg Pagel, Clemens"]
[Black "Ribes Colom, Jose Maria"]
[Result "1-0"]
[WhiteElo "1784"]
[BlackElo "1702"]
[PlyCount "37"]
[EventDate "2019.10.11"]
[EventType "swiss"]
[EventRounds "9"]
[EventCountry "ESP"]
[SourceTitle "CBM 194 Extra"]
[Source "ChessBase"]
[SourceDate "2020.03.31"]
[SourceVersion "1"]
[SourceVersionDate "2020.03.31"]
[SourceQuality "1"]

1. e4 e6 2. d4 d5 3. Nc3 dxe4 4. Nxe4 Bd7 5. Nf3 Bc6 6. Bd3 Nd7 7. Qe2 Ngf6 8. Neg5 Bxf3 9. Qxf3 c6 10. 0-0 h6 11. Nxe6 fxe6 12. Bg6+ Ke7 13. Qa3+ c5 14. dxc5 Ne5 15. c6+ Qd6 16. Qxd6+ Kxd6 17. cxb7 Rb8 18. Bf4 Rxb7 19. Rad1+ 1-0

[Event "Cornella de Llobregat op 7th"]
[Site "Cornella de Llobregat"]
[Date "2019.10.07"]
[Round "1"]
[White "Escandell, Juan C"]
[Black "Ribes Colom, Jose Maria"]
[Result "1-0"]
[WhiteElo "2197"]
[BlackElo "1702"]
[PlyCount "93"]
[EventDate "2019.10.07"]
[EventType "swiss"]
[EventRounds "9"]
[EventCountry "ESP"]
[SourceTitle "CBM 193 Extra"]
[Source "ChessBase"]
[SourceDate "2020.01.31"]
[SourceVersion "1"]
[SourceVersionDate "2020.01.31"]
[SourceQuality "1"]

1. e4 e6 2. d4 d5 3. Nc3 dxe4 4. Nxe4 Bd7 5. Nf3 Bc6 6. Bd3 Nd7 7. 0-0 Ngf6 8. Ng3 Bxf3 9. Qxf3 c6 10. c4 Be7 11. b3 0-0 12. Bb2 Re8 13. Rad1 Qa5 14. a3 Rad8 15. Rfe1 Bf8 16. h3 g6 17. b4 Qg5 18. Re2 Bg7 19. Bc1 Qh4 20. Ne4 Nxe4 21. Rxe4 Qf6 22. Qg3 Qe7 23. Bb2 Nf6 24. Ree1 Qd6 25. Qe3 Nh5 26. Be2 Nf6 27. Bc3 Qc7 28. a4 a6 29. Rb1 Ra8 30. Bf3 Red8 31. g3 Ne8 32. Be2 Nf6 33. b5 axb5 34. axb5 Ra3 35. Rec1 Rda8 36. bxc6 bxc6 37. Bf3 Ne8 38. Qe4 R3a6 39. Bb4 Nf6 40. Qe3 Qd7 41. Bc5 Ne8 42. Qf4 h5 43. Rb3 Ra1 44. Rxa1 Rxa1+ 45. Kg2 Ra6 46. Qb8 Kh7 47. Rb7 1-0

[Event "Barcelona Seniors 55 op 6th"]
[Site "Barcelona"]
[Date "2019.05.13"]
[Round "9.8"]
[White "Palau Soriano, Ricard"]
[Black "Ribes Colom, Jose Maria"]
[Result "1/2-1/2"]
[WhiteElo "1686"]
[BlackElo "1774"]
[PlyCount "39"]
[EventDate "2019.03.04"]
[EventType "swiss"]
[EventRounds "9"]
[EventCountry "ESP"]
[SourceTitle "EXT 2024"]
[Source "ChessBase"]
[SourceDate "2023.10.10"]
[SourceVersion "1"]
[SourceVersionDate "2023.10.10"]
[SourceQuality "1"]

1. d4 d5 2. Bf4 Nf6 3. e3 g6 4. Bd3 Bg7 5. c3 0-0 6. Nf3 b6 7. Nbd2 Bb7 8. Qc2 Nbd7 9. e4 dxe4 10. Nxe4 Rc8 11. Ne5 Nxe5 12. Bxe5 Bxe4 13. Bxe4 Nxe4 14. Qxe4 Bxe5 15. Qxe5 c5 16. 0-0-0 cxd4 17. Rxd4 Qc7 18. Qe3 Rfd8 19. Rh4 e5 20. Re4 1/2-1/2

[Event "Barcelona Seniors 55 op 6th"]
[Site "Barcelona"]
[Date "2019.05.06"]
[Round "8.7"]
[White "Ribes Colom, Jose Maria"]
[Black "Palacin Martin, Ricardo"]
[Result "1/2-1/2"]
[WhiteElo "1774"]
[BlackElo "1981"]
[PlyCount "79"]
[EventDate "2019.03.04"]
[EventType "swiss"]
[EventRounds "9"]
[EventCountry "ESP"]
[SourceTitle "EXT 2024"]
[Source "ChessBase"]
[SourceDate "2023.10.10"]
[SourceVersion "1"]
[SourceVersionDate "2023.10.10"]
[SourceQuality "1"]

1. d4 d5 2. Bf4 c5 3. e3 Nc6 4. Nf3 Nf6 5. h3 Qb6 6. b3 Bf5 7. Bd3 Bxd3 8. Qxd3 c4 9. Qd1 Qa5+ 10. Qd2 Ne4 11. Qxa5 Nxa5 12. Nfd2 Nxd2 13. Nxd2 c3 14. Nf3 e6 15. Ne5 Ba3 16. Nd3 Ke7 17. Ke2 Rhc8 18. f3 Nc6 19. Bg3 a5 20. Rab1 Nb4 21. Nxb4 axb4 22. Kd3 Bb2 23. e4 Rxa2 24. exd5 exd5 25. Rhe1+ Kd7 26. Re5 Kc6 27. Re7 Rf8 28. Rc7+ Kb6 29. Re1 Ra1 30. Rxa1 Bxa1 31. Bd6 Re8 32. Rxf7 Re1 33. Bf4 Bb2 34. Rxg7 Bc1 35. Bxc1 Rxc1 36. f4 Rd1+ 37. Ke3 Re1+ 38. Kd3 Rd1+ 39. Ke3 Re1+ 40. Kd3 1/2-1/2

[Event "Barcelona Vila Gracia Seniors 55 op 4th"]
[Site "Barcelona"]
[Date "2017.04.03"]
[Round "5.9"]
[White "Prats Rodriguez, Juan Bosco"]
[Black "Ribes Colom, Jose Maria"]
[Result "1-0"]
[WhiteElo "1974"]
[BlackElo "1713"]
[PlyCount "71"]
[EventDate "2017.03.06"]
[EventType "swiss"]
[EventRounds "9"]
[EventCountry "ESP"]
[SourceTitle "EXT 2024"]
[Source "ChessBase"]
[SourceDate "2023.10.10"]
[SourceVersion "1"]
[SourceVersionDate "2023.10.10"]
[SourceQuality "1"]

1. e4 e6 2. d3 d5 3. Qe2 Nc6 4. Nf3 dxe4 5. dxe4 e5 6. c3 Nf6 7. Qc2 Be7 8. Bb5 Bd7 9. 0-0 0-0 10. Rd1 Qe8 11. Bg5 a6 12. Bc4 Rd8 13. a4 Bg4 14. Nbd2 h6 15. Bh4 g5 16. Bg3 Bd6 17. b4 Nh5 18. b5 Nb8 19. Be2 Nxg3 20. hxg3 Bd7 21. c4 axb5 22. c5 Be7 23. Nxe5 bxa4 24. Bc4 Bf6 25. Nxd7 Qxd7 26. Rxa4 b5 27. cxb6 cxb6 28. Bd5 Rc8 29. Qa2 Nc6 30. Nf1 Na5 31. Ne3 Rc3 32. Nf5 Kh7 33. Rb4 Qc7 34. Qb1 Rb8 35. Ne3 Ra3 36. e5+ 1-0

[Event "Barcelona Vila Gracia op 10th"]
[Site "Barcelona"]
[Date "2016.09.30"]
[Round "1.7"]
[White "Ribes Colom, Jose Maria"]
[Black "Valls Marti, Artur"]
[Result "0-1"]
[WhiteElo "1722"]
[BlackElo "2100"]
[PlyCount "116"]
[EventDate "2016.09.30"]
[EventType "swiss"]
[EventRounds "9"]
[EventCountry "ESP"]
[SourceTitle "EXT 2024"]
[Source "ChessBase"]
[SourceDate "2023.10.10"]
[SourceVersion "1"]
[SourceVersionDate "2023.10.10"]
[SourceQuality "1"]

1. e4 c5 2. Nc3 a6 3. g3 Nc6 4. Bg2 g6 5. Nge2 Bg7 6. 0-0 e6 7. d3 Nge7 8. Be3 d6 9. f4 0-0 10. d4 cxd4 11. Nxd4 Qc7 12. Qd2 Bd7 13. Rad1 Na5 14. Qc1 Rac8 15. Nde2 b5 16. a3 Rfd8 17. Kh1 Bc6 18. Bd4 e5 19. Bg1 Bh6 20. Na2 f5 21. Nec3 exf4 22. gxf4 Nc4 23. Nb4 Bb7 24. Ncd5 Nxd5 25. Nxd5 Bxd5 26. exd5 Re8 27. Rde1 Ne5 28. Qd1 Ng4 29. c3 Nf6 30. Bd4 Nh5 31. Be3 Re7 32. Bc1 Rce8 33. Rxe7 Qxe7 34. Bd2 Qe2 35. Qxe2 Rxe2 36. Bc1 Rc2 37. Kg1 Kf7 38. Bh1 Ke7 39. Re1+ Kd7 40. Rf1 Kc7 41. Bg2 Kb7 42. Bh1 Kb6 43. Bg2 Kc5 44. Bh1 Kc4 45. Bg2 Kb3 46. Bf3 Ka2 47. Bxh5 gxh5 48. Be3 Kxb2 49. Bd4 Rc1 50. c4+ Kb1 51. cxb5 axb5 52. Bc3 Bxf4 53. Rxc1+ Kxc1 54. Bb4 Kc2 55. Kg2 Kd3 56. h3 Ke4 57. Kf2 Kxd5 58. Kf3 Be5 0-1